000 00666nam a2200289Ia 4500
005 20260401122055.0
008 008 250103s9999 xx 000 0 eng d
020 _a1-86064-645-X
037 _aTB
040 _aEDL
040 _beng
040 _cEDL
041 _2eng
041 _aeng
084 _a791.437 DER
084 _qEDL
100 _aDerek, Malcom
_91232520
245 2 _aA Century of Films: Derek Malcom's Personal Best
245 0 _cDerek, Malcom
260 _aLondon
260 _bTauris Parke Paperbacks
260 _c2000
942 _cTB
942 _h791.437 DER
999 _c1844740
_d1844740